000 00498nam a2200181Ia 4500
005 20250326124104.0
008 250326s9999 xx 000 0 und d
037 _aTextbook
040 _aFMSL
_beng
_cFMSL
041 _aeng
_2eng
084 _aX:51 K21
_qFMSL
100 _aTousley R D
_9736747
245 0 _aPrinciples of marketing
_cTousley R D; Clark E And Others
260 _aNY
_bNY, Macmillan
_c1962
300 _a716p
942 _cTB
_hX:51 K21
999 _c1272235
_d1272235